000
00275nam a22001337a 4500
008
170822b xxu||||| |||| 00| 0 eng d
020
_a
070522456
041
_a
eng
080
_a
51
100
_a
37
101
_a
MAT
245
_a
PLANE GEOMETRY
_c
RICH,B
942
_2
udc
_c
BK
999
_c
24487
_d
24487